000 00515nam a2200169 4500
001 133058
003 ES-MaACL
005 20230906194321.0
007 t|
008 070214s1943 sp r ||||1| spa d
100 1 _aRube, Kurt.
_9100285
245 1 0 _aFotogrametría /
_cpor Kurt Rube ; versión española por José Cubillo Fluiters.
260 _aBarcelona :
_bGustavo Gili,
_c1943.
300 _a124 p. :
_bil. ;
_c24 cm.
700 1 _aCubillo Fluiters, José.
_941946
852 _aES-MaACL
_j1848-F-6
_bR.20716
999 _c133058
_d133058